| 000 | 00574nam a2200241Ia 4500 | ||
|---|---|---|---|
| 003 | OSt | ||
| 005 | 20221005120246.0 | ||
| 006 | a|||||r|||| 00| 0 | ||
| 007 | ta | ||
| 008 | 221004b |||||||| |||| 00| 0 eng d | ||
| 024 | _a57091 | ||
| 037 | _cTextual | ||
| 040 |
_aCRL _cCRL _beng |
||
| 041 |
_2eng _aeng |
||
| 082 | _aV2:1:N3, F9 | ||
| 100 |
_aCraddock Reginald _9628886 |
||
| 245 | 0 | _aDilemma in India | |
| 250 | _a2nd | ||
| 260 | _c1929 | ||
| 650 | _aHISTORY | ||
| 942 |
_hV2:1:N3, F9 _cTEXL _2cc |
||
| 999 |
_c1037437 _d1037437 |
||